<?xml version="1.0" encoding="UTF-8"?>
<record
    xmlns:xsi="http://www.w3.org/2001/XMLSchema-instance"
    xsi:schemaLocation="http://www.loc.gov/MARC21/slim http://www.loc.gov/standards/marcxml/schema/MARC21slim.xsd"
    xmlns="http://www.loc.gov/MARC21/slim">

  <leader>01119nam a22002657a 4500</leader>
  <controlfield tag="005">20170124103218.0</controlfield>
  <datafield tag="010" ind1=" " ind2=" ">
    <subfield code="a">B-115967</subfield>
  </datafield>
  <datafield tag="020" ind1=" " ind2=" ">
    <subfield code="c">180.00</subfield>
    <subfield code="a">8179330249</subfield>
  </datafield>
  <datafield tag="035" ind1=" " ind2=" ">
    <subfield code="a">B-115967</subfield>
  </datafield>
  <datafield tag="037" ind1=" " ind2=" ">
    <subfield code="b">Cen Lib/Ret</subfield>
  </datafield>
  <datafield tag="040" ind1=" " ind2=" ">
    <subfield code="a">DPL</subfield>
    <subfield code="b">HN</subfield>
  </datafield>
  <datafield tag="082" ind1=" " ind2=" ">
    <subfield code="a">220.65</subfield>
    <subfield code="b">&#x935;&#x93E;&#x926;&#x930;&#x93E;</subfield>
  </datafield>
  <datafield tag="100" ind1=" " ind2=" ">
    <subfield code="a">&#x935;&#x93E;&#x926;&#x930;&#x93E;&#x92F;&#x923;, &#x906;&#x91A;&#x93E;&#x930;&#x94D;&#x92F; </subfield>
    <subfield code="9">100088</subfield>
  </datafield>
  <datafield tag="245" ind1=" " ind2=" ">
    <subfield code="a">&#x92E;&#x928;&#x941;&#x938;&#x94D;&#x92E;&#x943;&#x924;&#x93F; :</subfield>
    <subfield code="c">&#x906;&#x91A;&#x93E;&#x930;&#x94D;&#x92F; &#x935;&#x93E;&#x926;&#x930;&#x93E;&#x92F;&#x923;</subfield>
    <subfield code="b">&#x92D;&#x93E;&#x930;&#x924;&#x940;&#x92F; &#x938;&#x92E;&#x93E;&#x91C; &#x915;&#x93E; &#x906;&#x927;&#x93E;&#x930;-&#x917;&#x94D;&#x930;&#x928;&#x94D;&#x925; /</subfield>
  </datafield>
  <datafield tag="246" ind1=" " ind2=" ">
    <subfield code="a">Manusmriti : bharteey samaj ka adhar-granth /</subfield>
    <subfield code="b">by Acharya Vadrayan </subfield>
  </datafield>
  <datafield tag="260" ind1=" " ind2=" ">
    <subfield code="a">&#x92E;&#x947;&#x930;&#x920; </subfield>
    <subfield code="b">&#x921;&#x93E;&#x92F;&#x928;&#x947;&#x92E;&#x93F;&#x915; &#x92A;&#x92C;&#x94D;&#x932;&#x93F;&#x915;&#x947;&#x936;&#x928;</subfield>
  </datafield>
  <datafield tag="270" ind1=" " ind2=" ">
    <subfield code="a">11, &#x936;&#x93F;&#x935;&#x93E;&#x91C;&#x940; &#x930;&#x94B;&#x921; </subfield>
    <subfield code="b">&#x92E;&#x947;&#x930;&#x920; </subfield>
    <subfield code="e">250001</subfield>
  </datafield>
  <datafield tag="300" ind1=" " ind2=" ">
    <subfield code="a">580&#x92A;&#x943;. </subfield>
    <subfield code="c">20&#x938;&#x947;&#x92E;&#x940;(&#x938;&#x91C;&#x93F;&#x932;&#x94D;&#x926;)</subfield>
  </datafield>
  <datafield tag="490" ind1=" " ind2=" ">
    <subfield code="a">&#x921;&#x93E;&#x92F;&#x928;&#x947;&#x92E;&#x93F;&#x915; &#x938;&#x94D;&#x92A;&#x93F;&#x930;&#x93F;&#x91A;&#x941;&#x905;&#x932; &#x938;&#x940;&#x930;&#x940;&#x91C; </subfield>
  </datafield>
  <datafield tag="650" ind1=" " ind2=" ">
    <subfield code="a">&#x92C;&#x93E;&#x907;&#x92C;&#x93F;&#x932;</subfield>
    <subfield code="9">100089</subfield>
  </datafield>
  <datafield tag="650" ind1=" " ind2=" ">
    <subfield code="a"> &#x939;&#x93F;&#x928;&#x94D;&#x926;&#x942; &#x927;&#x930;&#x94D;&#x92E;</subfield>
    <subfield code="9">100090</subfield>
  </datafield>
  <datafield tag="650" ind1=" " ind2=" ">
    <subfield code="a">Bible</subfield>
    <subfield code="9">13535</subfield>
  </datafield>
  <datafield tag="650" ind1=" " ind2=" ">
    <subfield code="a">Hinduism </subfield>
    <subfield code="9">100091</subfield>
  </datafield>
  <datafield tag="942" ind1=" " ind2=" ">
    <subfield code="2">ddc</subfield>
    <subfield code="c">HN</subfield>
    <subfield code="h">220.65</subfield>
    <subfield code="m">&#x935;&#x93E;&#x926;&#x930;&#x93E;</subfield>
  </datafield>
  <datafield tag="999" ind1=" " ind2=" ">
    <subfield code="c">121650</subfield>
    <subfield code="d">121650</subfield>
  </datafield>
  <datafield tag="952" ind1=" " ind2=" ">
    <subfield code="0">0</subfield>
    <subfield code="1">0</subfield>
    <subfield code="4">0</subfield>
    <subfield code="7">0</subfield>
    <subfield code="a">L</subfield>
    <subfield code="b">L</subfield>
    <subfield code="d">2015-10-12</subfield>
    <subfield code="e">Cen Lib/Ret</subfield>
    <subfield code="g">180.00</subfield>
    <subfield code="l">8</subfield>
    <subfield code="m">1</subfield>
    <subfield code="o">220.65 &#x935;&#x93E;&#x926;&#x930;&#x93E;</subfield>
    <subfield code="p">B-115967</subfield>
    <subfield code="r">2022-12-28 00:00:00</subfield>
    <subfield code="s">2022-12-20</subfield>
    <subfield code="t">1</subfield>
    <subfield code="v">180.00</subfield>
    <subfield code="w">2015-10-12</subfield>
    <subfield code="y">HN</subfield>
  </datafield>
</record>
